| 000 | 03512nam a2201201 c 4500 | ||
|---|---|---|---|
| 003 | PE-LiUPU | ||
| 005 | 20250813185716.0 | ||
| 008 | 150126s2014 sp a | |||| 000 0 spa | ||
| 020 | _a9788441435230 | ||
| 040 |
_aSpMaBN _bspa _cPE-LiUPU _erda _dPE-LiUPU |
||
| 080 | _a364.692-212:613.81/.84 | ||
| 082 |
_223 _a362.29 _bF981 |
||
| 245 | 0 | 0 |
_aFundamentos de prevención de adicciones / _cJosé A. García del Castillo, José Pedro Espada, Mª Carmen López-Sánchez, Álvaro García del Castillo-López. |
| 250 | _aPrimera edición. | ||
| 264 |
_aMadrid : _bEdaf, _c2014. |
||
| 300 |
_a277 páginas : _bilustrado, gráficos ; _c23 centímetros. |
||
| 336 |
_aTexto (visual) _2isbdcontent |
||
| 337 |
_asin mediación _2isbdmedia |
||
| 504 | _aBibliografía: p. [259]-277 | ||
| 505 | _aDiversos usos de las drogas a lo largo de la historia -- Algunos conceptos clave: uso, abuso y dependencia -- Categorización de las drogas y sus efectos en la salud física y mental -- Consecuencias psicosociales del consumo de tabaco, alcohol y drogas -- Los modelos teóricos en prevención: Factores de riesgo y factores de protección -- ¡Cómo podemos hacer prevención?: estrategias y objetivos -- Prevención desde el ámbito familiar -- Prevenir desde el ámbito familiar -- Prevenir desde las instituciones educativas -- Intervención preventiva en el trabajo -- Prevención del consumo de drogas desde el ámbito comunitario. | ||
| 526 | _aP202 | ||
| 526 | _aP201 | ||
| 526 | _aP163 | ||
| 526 | _aP162 | ||
| 526 | _aP161 | ||
| 526 | _aP160 | ||
| 526 | _aP148 | ||
| 526 | _aP147 | ||
| 526 | _aP146 | ||
| 526 | _aP145 | ||
| 526 | _aP144 | ||
| 526 | _aP143 | ||
| 526 | _aP142 | ||
| 526 | _aP141 | ||
| 526 | _aP140 | ||
| 526 | _aP139 | ||
| 526 | _aP138 | ||
| 526 | _aP137 | ||
| 526 | _aP136 | ||
| 526 | _aP135 | ||
| 526 | _aP134 | ||
| 526 | _aP133 | ||
| 526 | _aP129 | ||
| 526 | _aP128 | ||
| 526 | _aP127 | ||
| 526 | _aP120 | ||
| 526 | _aP119 | ||
| 526 | _aP118 | ||
| 526 | _aP116 | ||
| 526 | _aP115 | ||
| 526 | _aP114 | ||
| 526 | _aP110 | ||
| 526 | _aP109 | ||
| 526 | _aP108 | ||
| 526 | _aP104 | ||
| 526 | _aP103 | ||
| 526 | _aP102 | ||
| 526 | _aP99 | ||
| 526 | _aP98 | ||
| 526 | _aP97 | ||
| 526 | _aP96 | ||
| 526 | _aP95 | ||
| 526 | _aP93 | ||
| 526 | _aP90 | ||
| 526 | _aP89 | ||
| 526 | _aP88 | ||
| 526 | _aP83 | ||
| 526 | _aP82 | ||
| 526 | _aP62 | ||
| 526 | _aP59 | ||
| 526 | _aP58 | ||
| 526 | _aP57 | ||
| 526 | _aP51 | ||
| 526 | _aP49 | ||
| 526 | _aP48 | ||
| 526 | _aP47 | ||
| 526 | _aP29 | ||
| 526 | _aP24 | ||
| 526 | _aP20 | ||
| 526 | _aP19 | ||
| 526 | _aP17 | ||
| 526 | _aP15 | ||
| 526 | _aP14 | ||
| 526 | _aP12 | ||
| 526 | _aP10 | ||
| 526 | _aP09 | ||
| 526 | _aP08 | ||
| 526 | _aP07 | ||
| 526 | _aP06 | ||
| 526 | _aP05 | ||
| 526 | _aP04 | ||
| 526 | _aP01 | ||
| 650 | 1 | 7 |
_aDrogas _xConsumo _xPrevención. _2embne |
| 650 | 2 | 7 |
_aBebidas alcohólicas _xConsumo _xPrevención. _2embne |
| 650 | 2 | 7 |
_aTabaco _xConsumo _xPrevención. _2embne |
| 700 |
_aGarcía Del Castillo, José A., _eautor. _d1958- _4aut _94250 |
||
| 700 |
_aEspada, José Pedro, _eautor. _94251 |
||
| 700 |
_aSegura, Ma Carmen, _eautor. _94252 |
||
| 700 |
_aLópez-Sánchez, Carmen, _eautor. _94253 |
||
| 700 |
_aGarcía Del Castillo-López, Álvaro, _eautor. _94254 |
||
| 942 |
_2ddc _cBK _n0 |
||
| 999 |
_c62576 _d62575 |
||
| 980 |
_618226 _aJaime Vilcazán Jefe de Análisis Documental _81 _gALBERTO SANCHEZ Responsable de Automatización |
||